Los prematuros (Record no. 142303)

MARC details
000 -LEADER
campo de control de longitud fija 00649nam a2200181 i 4500
001 - NÚMERO DE CONTROL
campo de control 142303
003 - IDENTIFICADOR DE NÚMERO DE CONTROL
campo de control ES-MaACL
005 - FECHA Y HORA DE LA ÚLTIMA TRANSACCIÓN
campo de control 20250906063117.0
007 - CAMPO FIJO DE DESCRIPCIÓN FÍSICA--INFORMACIÓN GENERAL
campo de control de longitud fija t|
008 - DATOS DE LONGITUD FIJA--INFORMACIÓN GENERAL
campo de control de longitud fija 071004s1957 sp ||||1| spa d
100 1# - ENTRADA PRINCIPAL--NOMBRE DE PERSONA
Nombre de persona Villa Rodríguez, Luciano de la,
Fechas asociadas al nombre ca. 1905-1997
9 (RLIN) 114892
245 14 - MENCIÓN DEL TÍTULO
Título Los prematuros
Resto del título : (etiología, mortalidad, fisiopatología, clínica y tratamiento) /
Mención de responsabilidad, etc. por Luciano de la Villa Rodríguez ; prólogo Ciriaco Laguna.
260 ## - PUBLICACIÓN, DISTRIBUCIÓN, ETC.
Lugar de publicación, distribución, etc. Madrid :
Nombre del editor, distribuidor, etc. Paz Montalvo,
Fecha de publicación, distribución, etc. 1957.
300 ## - DESCRIPCIÓN FÍSICA
Extensión 143 p. :
Otras características físicas il. ;
Dimensiones 24 cm.
700 1# - ENTRADA AGREGADA--NOMBRE PERSONAL
Nombre de persona Laguna, Ciriaco.
9 (RLIN) 69619
852 ## - LOCALIZACIÓN
Ubicación ES-MaACL
Número de control de estantería C-13252
Sublocalización o colección R.40664
Holdings
Estatus retirado Estado de pérdida Estado de daño No para préstamo Biblioteca de origen Biblioteca actual Ubicación en estantería Fecha de adquisición Fuente de adquisición Total de préstamos Signatura topográfica completa Código de barras Visto por última vez Precio de reemplazo Tipo de ítem Koha
        Biblioteca del Ateneo de Madrid Biblioteca del Ateneo de Madrid Sala Palomar 17/01/2008     C-13252 1148066 23/02/2023 23/02/2023 Libro impreso